000 00487nam a22001457a 4500
005 20250228083720.0
008 250228b |||||||| |||| 00| 0 eng d
040 _aKMU
_cKMU
_dKMU
100 _aMatabile, Mike
245 _aAssessing the Involvement of Fish Farming to the Livelihoods of Rural Communities in Mumbwa District.
_cMatabile, Mike
260 _aChinsali:
_bKapasa Makasa University,
_c2020.
300 _av, 21p.:
_bill;
_c30 cm.
650 _aFisheries and Aquac
942 _cPR
_n0
999 _c1687
_d1687